La langue française (Record no. 140488)

MARC details
000 -LEADER
campo de control de longitud fija 00801nam a2200205 4500
001 - NÚMERO DE CONTROL
campo de control 140488
003 - IDENTIFICADOR DE NÚMERO DE CONTROL
campo de control ES-MaACL
005 - FECHA Y HORA DE LA ÚLTIMA TRANSACCIÓN
campo de control 20230906200104.0
007 - CAMPO FIJO DE DESCRIPCIÓN FÍSICA--INFORMACIÓN GENERAL
campo de control de longitud fija t|
008 - DATOS DE LONGITUD FIJA--INFORMACIÓN GENERAL
campo de control de longitud fija 070214s1905 sp r ||||1| fre d
100 1# - ENTRADA PRINCIPAL--NOMBRE DE PERSONA
Nombre de persona Schyrgens, Martín.
9 (RLIN) 104922
245 13 - MENCIÓN DEL TÍTULO
Título La langue française
Resto del título : conference á propos de reformes comenties par l'Academie Française... /
Mención de responsabilidad, etc. Martín Schyrgens.
260 ## - PUBLICACIÓN, DISTRIBUCIÓN, ETC.
Lugar de publicación, distribución, etc. Mahon :
Nombre del editor, distribuidor, etc. [s.n.],
Fecha de publicación, distribución, etc. 1905 (
Fabricante Fábregues y Ribé)
300 ## - DESCRIPCIÓN FÍSICA
Extensión 34 p. ;
Dimensiones 21 cm.
490 1# - MENCIÓN DE SERIE
Mención de serie Precede al tít.: Athenée Scientifique et Artistique de Mahon (Minorque
710 2# - ENTRADA AGREGADA--NOMBRE DE ENTIDAD CORPORATIVA
Nombre de entidad corporativa o nombre de jurisdicción como elemento de entrada Ateneo Científico, Literario y Artístico de Mahón.
9 (RLIN) 141489
830 0# - PUNTO DE ACCESO ADICIONAL DE SERIE-TÍTULO UNIFORME
Título uniforme Precede al tít.: Athenée Scientifique et Artistique de Mahon (Minorque
9 (RLIN) 220330
852 ## - LOCALIZACIÓN
Ubicación ES-MaACL
Número de control de estantería T-1056-F-8
Holdings
Estatus retirado Estado de pérdida Estado de daño No para préstamo Colección Biblioteca de origen Biblioteca actual Ubicación en estantería Fecha de adquisición Fuente de adquisición Total de préstamos Signatura topográfica completa Código de barras Visto por última vez Precio de reemplazo Tipo de ítem Koha
        Colección de folletos Biblioteca del Ateneo de Madrid Biblioteca del Ateneo de Madrid Depósito folletos 17/01/2008     T-1056-F-8 1146197 23/02/2023 23/02/2023 Folleto